000 00390nam a2200145Ia 4500
008 241206s9999||||xx |||||||||||||| ||und||
020 _a9789831973974
_c22.9
040 _beng
_cSSK Library
_erda
082 _a636.213/PEN
245 0 _aPenternakan Lembu Pedaging
260 _b Synergy Media Books
942 _2Dewey Decimal Classification
_cBOOK
_nNo
999 _c15453
_d15453
003 OSt
005 20241206223227.0